Memorias de Jesús Degollado Guízar : último general en jefe del ejército cristero /

Memorias del michoacano Jesús Degollado Guízar (1892-1957), jefe de la División del Sur de Jalisco del movimiento cristero, quien llegó a tener a su cargo hasta ocho mil soldados, y general en jefe de la guardia nacional a la muerte de Enrique Gorostieta y Velarde en 1929.

Spremljeno u:
Bibliografski detalji
Glavni autor: Degollado Guízar, Jesús (autor)
Format: Knjiga
Jezik:španjolski
Izdano: México : Jus, 1957, c1957
Serija:(Memorias. Serie A ; 1)
Teme:
Oznake: Dodaj oznaku
Bez oznaka, Budi prvi tko označuje ovaj zapis!

MARC

LEADER 00000nam^a2200000^a^4500
001 000400743
005 20250521000000.0
009 20260310121627.898
037 |a Acervo ITESO - Biblioteca 
041 |a ESP 
082 |a 972. 30622  |b DEG 
100 |a Degollado Guízar, Jesús  |e (autor) 
245 1 0 |a Memorias de Jesús Degollado Guízar :  |b último general en jefe del ejército cristero /  |c J. Degollado Guízar. 
264 4 |a México :  |b Jus,  |c 1957, c1957 
300 |a 319 p. 
336 |a texto  |b txt  |2 rdacontenido 
337 |a sin mediación  |b n  |2 rdamedio 
338 |a volumen  |b nc  |2 rdasoporte 
440 1 |a (Memorias.  |p Serie A ;  |v 1) 
520 |a Memorias del michoacano Jesús Degollado Guízar (1892-1957), jefe de la División del Sur de Jalisco del movimiento cristero, quien llegó a tener a su cargo hasta ocho mil soldados, y general en jefe de la guardia nacional a la muerte de Enrique Gorostieta y Velarde en 1929. 
649 |a XX 
650 |a Cristeros -  |x Memorias 
650 |a Revolucionarios Mexicanos -  |x Memorias 
650 |a Políticos Mexicanos -  |x Memorias 
650 |a Militares Mexicanos -  |x Memorias 
650 |a Iglesia y Estado -  |z Jalisco -  |x Historia -  |y 1910-1946 
650 |a Iglesia y Estado -  |z Jalisco -  |x Historia -  |y Siglo XX 
650 |a Iglesia y Estado -  |z México -  |x Historia -  |y 1910-1946 
650 |a Iglesia y Estado -  |z México -  |x Historia -  |y Siglo XX 
650 |a Guerra Cristera -  |z México (Región Occidente) -  |x Historia -  |x Tema Principal 
650 |a Guerra Cristera -  |x Historia -  |x Tema Principal 
650 |a Movimientos Religiosos -  |z Jalisco -  |x Historia -  |y 1910-1946 
650 |a Movimientos Religiosos -  |z Jalisco -  |x Historia -  |y Siglo XX 
650 |a Movimientos Religiosos -  |z México -  |x Historia -  |y 1910-1946 
650 |a Movimientos Religiosos -  |z México -  |x Historia -  |y Siglo XX 
650 |a Movimientos Sociales -  |z Jalisco -  |x Historia -  |y 1910-1946 
650 |a Movimientos Sociales -  |z Jalisco -  |x Historia -  |y Siglo XX 
650 |a Movimientos Sociales -  |z México -  |x Historia -  |y 1910-1946 
650 |a Movimientos Sociales -  |z México -  |x Historia -  |y Siglo XX 
650 |a Cristianismo y Política -  |z Jalisco -  |x Historia -  |y 1910-1946 
650 |a Cristianismo y Política -  |z Jalisco -  |x Historia -  |y Siglo XX 
650 |a Cristianismo y Política -  |z México -  |x Historia -  |y 1910-1946 
650 |a Cristianismo y Política -  |z México -  |x Historia -  |y Siglo XX 
650 |a Política y Religión -  |z Jalisco -  |x Historia -  |y 1910-1946 
650 |a Política y Religión -  |z Jalisco -  |x Historia -  |y Siglo XX 
650 |a Política y Religión -  |z México -  |x Historia -  |y 1910-1946 
650 |a Política y Religión -  |z México -  |x Historia -  |y Siglo XX 
650 |a Jalisco -  |x Historia -  |y Régimen Callista, 1924-1928 
650 |a Jalisco -  |x Historia -  |y Régimen Portesgilista, 1928-1930 
650 |a Jalisco -  |x Historia -  |y 1910-1946 
650 |a Jalisco -  |x Historia -  |y Siglo XX 
650 |a Michoacán -  |x Historia -  |y Régimen Callista, 1924-1928 
650 |a Michoacán -  |x Historia -  |y Régimen Portesgilista, 1928-1930 
650 |a Michoacán -  |x Historia -  |y 1910-1946 
650 |a Michoacán -  |x Historia -  |y Siglo XX 
650 |a Colima -  |x Historia -  |y Régimen Callista, 1924-1928 
650 |a Colima -  |x Historia -  |y Régimen Portesgilista, 1928-1930 
650 |a Colima -  |x Historia -  |y 1910-1946 
650 |a Colima -  |x Historia -  |y Siglo XX 
650 |a México (Región Occidente) -  |x Historia -  |y Régimen Callista, 1924-1928 
650 |a México (Región Occidente) -  |x Historia -  |y Régimen Portesgilista, 1928-1930 
650 |a México (Región Occidente) -  |x Historia -  |y 1910-1946 
650 |a México (Región Occidente) -  |x Historia -  |y Siglo XX 
650 |a México -  |x Historia -  |y Régimen Callista, 1924-1928 
650 |a México -  |x Historia -  |y Régimen Portesgilista, 1928-1930 
650 |a México -  |x Historia -  |y 1910-1946 
650 |a México -  |x Historia -  |y Siglo XX 
650 |a Degollado Guízar, Jesús -  |x Tema Principal 
910 |a Fondo Carlos Núñez Hurtado 
920 |a Impresos - Libros 
930 |a Fondos Especiales 
940 |a Guerra Cristera 
905 |a 117 
901 |a 0500296004  |b IT2  |c ESP  |i d79247  |u 20250521 
902 |a https://opac.biblio.iteso.mx/vufind/Record/000400743